000 00794nam a2200229 a 4500
001 000044191
005 20201002045215.0
008 140606s2010 dr 001 0 spa d
020 _a9789945862164
040 _aDO-SdBNP
_bspa
_cBNPHU
082 _a629.136097293
_bT172a
100 1 _aTapia, Yolanda
_972195
245 1 0 _aAeropuertos dominicanos :
_btiempo de cambios /
_cYolanda Tapia.
260 _aSanto Domingo :
_bDelfos Editores,
_c2010.
300 _a385 p. :
_bil., retrs. ;
_c24 cm.
500 _aIncluye índice
500 _aPrimer libro describe la trayectoria de los aeropuertos dominicanos
504 _aBibliografía : p. 378
590 _aInventariado,2018/DG
650 4 _aAeropuertos
_zRepública Dominicana
_xHistoria
_972196
910 _aValidado. Control de calidad MFF
999 _c43680
_d43680